| 000 | 00503nam a22001817a 4500 | ||
|---|---|---|---|
| 003 | OSt | ||
| 005 | 20220107122823.0 | ||
| 008 | 161222b xxu||||| |||| 00| 0 eng d | ||
| 040 | _cIIITMK | ||
| 100 |
_aGokul R (93615004) _911080 |
||
| 245 | _aAutomated tool for penetration testing | ||
| 300 | _aCSIS - Mini 3rd sem | ||
| 502 |
_bCSIS _c2015-17 _dINT _eDr. Tony Thomas |
||
| 650 |
_aCOMPUTER SCEINCE _911081 |
||
| 650 |
_aCOMPUTER SECURITY _911082 |
||
| 650 |
_aSHELL SCRIPTING _911083 |
||
| 942 |
_2ddc _cPR |
||
| 999 |
_c5500 _d5500 |
||